000 00264nam a2200109Ia 4500
008 240625s9999 xx 000 0 und d
041 _aeng
082 _a332.63 ALE
100 _aALEXANDER CAROL
245 _aMARKET MODELS A GUIDE TO FINANCIAL DATA
260 _c2010
999 _c34639
_d34639